Normal view
MARC view
- Northern Ireland
Entry Corporate Name
001 - CONTROL NUMBER
- control field: 5069
003 - CONTROL NUMBER IDENTIFIER
- control field: SIRSI
005 - DATE AND TIME OF LATEST TRANSACTION
- control field: 20190806150240.0
008 - FIXED-LENGTH DATA ELEMENTS
- fixed length control field: 061024n| aaannaabn |n ana d
040 ## - CATALOGING SOURCE
- Original cataloging agency: OSt
- Transcribing agency: OSt
110 1# - HEADING--CORPORATE NAME
- Corporate name or jurisdiction name as entry element: Northern Ireland
- Subordinate unit: Planning Service
670 ## - SOURCE DATA FOUND
- Source citation: A householder's planning guide for the installation of antennas, including satellite dishes, 2006